000 00334nam a2200145Ia 4500
100 _aTomasi/Wayne
250 _a3
942 _cBK
654 _aAdvanced electronics
245 _aAdvanced Electronics Communications systems
260 _bPrentice Hall
_aNew york
_c1994
300 _a371
546 _aENGLISH
999 _c34405
_d34405